00627nam a2200205 a 450000100060000000300080000600500170001400800410003103500190007204000380009104100080012908200240013710000190016124501200018025000120030026000460031230000280035865000090038670000260039551772BD-RjUL20211209075718.0160902s1952 enkb 000 0 eng  a(BD-RjUL)51892 aDLCcABAUdABAUdUkdBD-RjULbeng aeng a526.8223bGOC 195210aGoodson, J. B.12aA contour dictionary :ba short text-book on contour reading with map exercises /cby J.B. Goodson and J.A. Morris. aNew ed. aLondon :bHarrap,cc1945 [reprinted 1952] a56 p. :bill. ;c25 cm. 0aMaps1 aMorris, Joseph Acton.